000 00758nam a2200181 i 4500
001 184310
003 ES-MaACL
005 20250713083008.0
008 150617s1897 sp |||| | spa d
100 1 _aBelmás, Mariano,
_d1850-1916
_927296
245 1 0 _aDiscursos leídos en la sesión inaugural del año académico de 1897-98 en la Sociedad Española de Higiene /
_cpor Mariano Belmás y Jesús Sarabia y Pardo.
260 _aMadrid :
_b[s.n.],
_c1897 (
_fEsc. Tip. del Hospicio)
300 _a92 p. ;
_c23 cm.
700 1 _aSarabia y Pardo, Jesús,
_d1865-1943
_9103740
710 2 _aSociedad Española de Higiene.
_96725
852 _aES-MaACL
_jT-844-F-7
_z- Enc. en un vol. facticio, conservando la enc. original
999 _c184310
_d184310